| 000 -LEADER |
| fixed length control field |
01356cam a2200289 a 4500 |
| 001 - CONTROL NUMBER |
| control field |
13622637 |
| 003 - CONTROL NUMBER IDENTIFIER |
| control field |
Nust |
| 005 - DATE AND TIME OF LATEST TRANSACTION |
| control field |
20170321124251.0 |
| 008 - FIXED-LENGTH DATA ELEMENTS--GENERAL INFORMATION |
| fixed length control field |
030514s2003 enkab 000 1 eng d |
| 010 ## - LIBRARY OF CONGRESS CONTROL NUMBER |
| LC control number |
2004401794 |
| 015 ## - NATIONAL BIBLIOGRAPHY NUMBER |
| National bibliography number |
GBA3-V6662 |
| 020 ## - INTERNATIONAL STANDARD BOOK NUMBER |
| International Standard Book Number |
9780575075542 |
| 035 ## - SYSTEM CONTROL NUMBER |
| System control number |
(OCoLC)ocm52785081 |
| 040 ## - CATALOGING SOURCE |
| Original cataloging agency |
UKM |
| Transcribing agency |
UKM |
| Modifying agency |
GZM |
| -- |
OCLCQ |
| -- |
DLC |
| 042 ## - AUTHENTICATION CODE |
| Authentication code |
lccopycat |
| 050 00 - LIBRARY OF CONGRESS CALL NUMBER |
| Classification number |
PR6118.O23 |
| Item number |
S65 2003 |
| 082 04 - DEWEY DECIMAL CLASSIFICATION NUMBER |
| Classification number |
823.914 |
| Author Mark |
ROB |
| 100 1# - MAIN ENTRY--PERSONAL NAME |
| Personal name |
Roberts, Adam |
| Fuller form of name |
(Adam Charles) |
| 245 14 - TITLE STATEMENT |
| Title |
The soddit, or, Let's cash in again, or, There, and back again, dammit, where did I put it, where is it, I don't believe it, I must have left it there, over again to there, oh for heaven's sake, it's not here either, back yet again, fuming, oh there it is, it was by the front door all along / |
| Statement of responsibility, etc. |
A.R.R.R. Roberts. |
| 246 30 - VARYING FORM OF TITLE |
| Title proper/short title |
Let's cash in again |
| 260 ## - PUBLICATION, DISTRIBUTION, ETC. |
| Place of publication, distribution, etc. |
London : |
| Name of publisher, distributor, etc. |
Gollancz, |
| Date of publication, distribution, etc. |
2003. |
| 300 ## - PHYSICAL DESCRIPTION |
| Extent |
343 p. : |
| Other physical details |
ill., map ; |
| Dimensions |
16 cm. |
| 650 ## - SUBJECT ADDED ENTRY--TOPICAL TERM |
| Topical term or geographic name entry element |
Humorous stories |
| Form subdivision |
Fiction |
| 655 #0 - INDEX TERM--GENRE/FORM |
| Genre/form data or focus term |
Satire. |
| 856 42 - ELECTRONIC LOCATION AND ACCESS |
| Materials specified |
Contributor biographical information |
| Uniform Resource Identifier |
<a href="http://www.loc.gov/catdir/bios/orion051/2004401794.html">http://www.loc.gov/catdir/bios/orion051/2004401794.html</a> |
| 856 42 - ELECTRONIC LOCATION AND ACCESS |
| Materials specified |
Publisher description |
| Uniform Resource Identifier |
<a href="http://www.loc.gov/catdir/description/ste051/2004401794.html">http://www.loc.gov/catdir/description/ste051/2004401794.html</a> |
| 906 ## - LOCAL DATA ELEMENT F, LDF (RLIN) |
| a |
7 |
| b |
cbc |
| c |
copycat |
| d |
2 |
| e |
ncip |
| f |
20 |
| g |
y-gencatlg |
| 942 ## - ADDED ENTRY ELEMENTS (KOHA) |
| Source of classification or shelving scheme |
|
| Koha item type |
Book |